Environmental Science in Building/ (Record no. 1940)
[ view plain ]
| 000 -LEADER | |
|---|---|
| fixed length control field | 00444nam a22001577a 4500 |
| 005 - DATE AND TIME OF LATEST TRANSACTION | |
| control field | 20241203122531.0 |
| 008 - FIXED-LENGTH DATA ELEMENTS--GENERAL INFORMATION | |
| fixed length control field | 241203b |||||||| |||| 00| 0 eng d |
| 020 ## - INTERNATIONAL STANDARD BOOK NUMBER | |
| International Standard Book Number | 9780230525368 |
| 050 ## - LIBRARY OF CONGRESS CALL NUMBER | |
| Classification number | TH453 McM |
| 100 ## - MAIN ENTRY--PERSONAL NAME | |
| Personal name | Mcmullan, Randall |
| 245 ## - TITLE STATEMENT | |
| Title | Environmental Science in Building/ |
| Statement of responsibility, etc. | Randall Mcmullan |
| 250 ## - EDITION STATEMENT | |
| Edition statement | 6th ed. |
| 260 ## - PUBLICATION, DISTRIBUTION, ETC. | |
| Place of publication, distribution, etc. | New York |
| Name of publisher, distributor, etc. | Palgrave Macmillan |
| Date of publication, distribution, etc. | 2007 |
| 300 ## - PHYSICAL DESCRIPTION | |
| Extent | ix.390p. |
| Other physical details | ill. |
| Dimensions | 24.5cm |
| 942 ## - ADDED ENTRY ELEMENTS (KOHA) | |
| Source of classification or shelving scheme | Library of Congress Classification |
| Koha item type | Books |
| Edition | 6th ed. |
| Suppress in OPAC | No |
| 999 ## - | |
| -- | 1940 |
| -- | 1940 |
| Withdrawn status | Lost status | Source of classification or shelving scheme | Damaged status | Not for loan | Collection | Home library | Current library | Shelving location | Date acquired | Total checkouts | Full call number | Barcode | Date last seen | Copy number | Price effective from | Koha item type |
|---|---|---|---|---|---|---|---|---|---|---|---|---|---|---|---|---|
| Library of Congress Classification | Non-fiction | Science Library (Miotso) | Science Library (Miotso) | General stacks | 12/03/2024 | TH453 McM | SLM00001136 | 12/03/2024 | 1 | 12/03/2024 | Books | |||||
| Library of Congress Classification | Non-fiction | Science Library (Miotso) | Science Library (Miotso) | General stacks | 12/03/2024 | TH453 McM | SLM00001137 | 12/03/2024 | 2 | 12/03/2024 | Books | |||||
| Library of Congress Classification | Non-fiction | Science Library (Miotso) | Science Library (Miotso) | General stacks | 11/21/2025 | TH453 McM | SLM00005924 | 11/21/2025 | 3 | 11/21/2025 | Books | |||||
| Library of Congress Classification | Non-fiction | Science Library (Miotso) | Science Library (Miotso) | General stacks | 11/21/2025 | TH453 McM | SLM00005925 | 11/21/2025 | 4 | 11/21/2025 | Books | |||||
| Library of Congress Classification | Non-fiction | Science Library (Miotso) | Science Library (Miotso) | General stacks | 11/21/2025 | TH453 McM | SLM00005926 | 11/21/2025 | 5 | 11/21/2025 | Books | |||||
| Library of Congress Classification | Non-fiction | Science Library (Miotso) | Science Library (Miotso) | General stacks | 11/21/2025 | TH453 McM | SLM00005927 | 11/21/2025 | 6 | 11/21/2025 | Books | |||||
| Library of Congress Classification | Non-fiction | Science Library (Miotso) | Science Library (Miotso) | General stacks | 11/22/2025 | TH453 McM | SLM00005987 | 11/22/2025 | 7 | 11/22/2025 | Books | |||||
| Library of Congress Classification | Non-fiction | Science Library (Miotso) | Science Library (Miotso) | General stacks | 11/22/2025 | TH453 McM | SLM00005988 | 11/22/2025 | 8 | 11/22/2025 | Books | |||||
| Library of Congress Classification | Non-fiction | Science Library (Miotso) | Science Library (Miotso) | General stacks | 11/22/2025 | TH453 McM | SLM00005989 | 11/22/2025 | 9 | 11/22/2025 | Books |